000 00839nam a22002297a 4500
005 20120514114656.0
008 120514t xxu||||| |||| 00| 0 eng d
010 _aENG-105258
020 _a9788124605363
_c180.00
020 _a812460536x
_c180.00
035 _aEN-88791
037 _bDBAD/PUB
040 _aDPL
_bEng
082 _a230.35
100 _946773
_aRamaswamy, Sethu
245 _aThey spoke with God :
_cby Sethu Ramaswamy
_bsaints of Tamizhaham /
260 _aNew Delhi
_bD.K. Printworld
_c2009
270 _a'Srikunj', F-52, Bali Nagar, Ramesh Nagar Metro Station
_bNew Delhi
_e15
300 _axii,160p.
_c22cm(pbk)
942 _2ddc
_cEN
_h230.35
_mRAM
999 _c66569
_d66569